000 00698nam a22002777a 4500
003 UA-OsUOA
001 31368
007 ta
008 20041214b un ||||| |||| 00| 0 ukr d
100 _aБлій де Г.
700 _aМуллер Пітер
700 _aШаблій О.
090 _a913(100)
_bБ68
942 _cBK
040 _aUA-OsUOA
_bukr
_cUA-OsUOA
_dUA-OsUOA
245 _aГеографія: світи, регіони, концепти
300 _a740 с.
_bІлюстрації
955 _a0
041 _aukr
080 _a913(100)
020 _a966-06-0335-5
260 _aКиїв
_bЛибідь
_c2004
044 _aUA
650 7 _2UDC
999 _c317791
_d317791